R + Rádio plus

Guardado en:
Detalles Bibliográficos
Formato: Seriadas
Publicado: 1998
Etiquetas: Agregar Etiqueta
Sin Etiquetas, Sea el primero en etiquetar este registro!

MARC

LEADER 00000nas a22000003a 4500
001 stu71541
005 20141121230933.1
008 011106s1998----------------------------d
040 |a STU  |b slo 
041 0
245 |a R + Rádio plus 
260 |c 1998 
500 |a 1998 
500 |a 12 
500 |a 1-12 
773 0 |t R + Rádio plus  |w stu_us_cat*stu71540  |x 1212-3730  |7 nnas 
996 |d Roč. 6, 1998  |v Roč. 6  |y 1998  |l EE0103  |s A  |a 24  |w stu71541_0001